书目信息 |
| 题名: |
液晶电子学基础和应用
|
|
| 作者: | 佐佐木昭夫 著 ;赵静安 译 | |
| 分册: | ||
| 出版信息: | 北京 科学出版社 1985 |
|
| 页数: | 267页 | |
| 开本: | 20cm | |
| 丛书名: | ||
| 单 册: | ||
| 中图分类: | TN104.3 | |
| 科图分类: | ||
| 主题词: | 电子学-液晶 , 液晶-电子学 | |
| 电子资源: | ||
| ISBN: | ||
| 000 | 00727nam0 2200253 45 | |
| 001 | 0185016897 | |
| 005 | 20040520083527.7 | |
| 010 | @dCNY2.50 | |
| 100 | @a19951116d1985 em y0chiy0121 ea | |
| 101 | 1 | @achi@cjpn |
| 102 | @aCN@b110000 | |
| 105 | @ay z 000yy | |
| 106 | @ar | |
| 200 | 10 | @a液晶电子学基础和应用@Aye jing dian zi xue ji chu he ying yong@f(日)佐佐木昭夫等著@g赵静安等译 |
| 210 | @a北京@c科学出版社@d1985 | |
| 215 | @a267页@d20cm | |
| 606 | @a电子学-液晶 | |
| 606 | @a液晶-电子学 | |
| 690 | @aTN104.3@v3 | |
| 701 | 0 | @a佐佐木昭夫@4著@Azuo zuo mu zhao fu |
| 702 | 0 | @a赵静安@4译@Azhao jing an |
| 801 | 0 | @aCN@b深圳图书馆@c20040520 |
| 801 | 2 | @aCN@bNLC@c20040520 |
| 905 | @f2@b126797-798@dTN104.3@e32 | |
| 液晶电子学基础和应用/(日)佐佐木昭夫等著/赵静安等译.-北京:科学出版社,1985 |
| 267页;20cm |
| ISBN :CNY2.50 |
| ● |
| 相关链接 |
|
|
|
|
正题名:液晶电子学基础和应用
索取号:TN104.3/32
 
预约/预借
| 序号 | 登录号 | 条形码 | 馆藏地/架位号 | 状态 | 备注 |
| 1 | 0126797 | 001349963 | 第三借阅区/ [索取号:TN104.3/32] | 在馆 | |
| 2 | 0126798 | 001349927 | 第三借阅区/ [索取号:TN104.3/32] | 在馆 | |
| 3 | 0126799 | 202105079 | 第二样本阅览室/ [索取号:TN104.3/32] | 在馆 |